000 00408nam a22001697a 4500
003 MPLRDC
005 20220104142728.0
008 210129b ||||| |||| 00| 0 eng d
082 _a857.44 ZYCB
100 _a不详
245 _a征东征西扫北
_c
260 _a
_b智扬出版社
_c1992
300 _b
490 _a中国古典文学名著
650 _a章回小说
942 _cBK
_o857.44 ZYCB
999 _c33242
_d33232